000 00518nam a2200169 i 4500
001 46463
003 ES-MaACL
005 20230906161404.0
007 t|
008 030331s1977 sp ||||1| spa d
100 1 _aConforti, Olao.
_940168
245 1 0 _aGuadalajara
_b: la primera derrota del fascismo /
_cOlao Conforti ; [versión Prudenci Comes].
260 _aBarcelona :
_bOikos-Tau,
_c[1977]
300 _a367 p., 12 lám. ;
_c22 cm.
700 1 _aComes, Prudenci.
_939997
852 _aES-MaACL
_jA-6892
_bR.96042
999 _c46463
_d46463